00871nam a22003017a 4500003000500000005001700005008004100022010001000063011001000073035001000083040000900093082002000102111009700122245004600219260004100265300001100306490003400317650002500351650001700376650001700393650001800410650001400428650002300442650002300465650002100488700002600509830003400535CHAP20220329140924.0971013s1993 r 10010 d a59860 a60832 a64995 cCHAP a633.2bS44 198900aSeminario - Taller sobre Metodología de Evaluación de Pasturas (d1989c: Temuco, Chile) aMetodología de evaluación de pasturas aMontevideo :bIICA - PROCISUR,c1993 a150 p. aDiálogo/IICA-PROCISURv; 3814aFestuca arundinacea.14aGramíneas.14aLeguminosas.14aLotus tenuis.14aPastoreo.14aPastosxCongresos.14aSoya como forraje.14aTrébol blanco.0 aPuignau, Juan P.eed.0 aDiálogo/IICA-PROCISURv; 38